000 01228cam a22003497a 4500
003 CHAP
005 20240502102718.0
008 001116d mx a r 00110 esp d
010 _a82854
011 _a83826
020 _a8449411904 (libro)
020 _a84-494-1624-8 (CD)
035 _a94343
040 _cCHAP
082 0 4 _a036
_bP7
245 1 0 _aPreceptor interactivo :
_benciclopedia temática estudiantil
_c/por Oceano Grupo Editorial
260 _aBarcelona :
_bMM Oceano,
_c[2000?].
300 _a1064 p. :
_bilus. ; mapas ; gráfs. + 1 disco compacto 4 3/4 plgs.
500 _aNavegador oceano de estudio interactivo; CD-ROM interactivo versión Windows
590 _aBATCH-UPD
_b10
_c20130110
590 _aBATCH-UPD
_b10
_c20130410
590 _aBATCH-UPD
_b10
_c20130914
590 _aCONVERSION
_b10
_c20130109
650 1 4 _aEducación audiovisual.
_935558
650 1 4 _aEnciclopedias y diccionarios.
_936750
710 0 _aOceano Grupo Editorial. Barcelona.
_982637
901 _aBK
905 _aLilia Sánchez G.
942 _cCD
_2ddc
949 _a036 P7
_bBC
_cCD
_d33724002026347
_eCD
_fCD
_gI. 208372
_i94343
_sb
949 _a036 P7
_bBC
_cESP
_d33724000803938
_eESP
_gI. 208372
_h99060
_i94343
_sb
_t$903.50
999 _c82854
_d82854